000 00217 a2200097 4500
001 57998
100 _a
245 _aMathematical methods
260 _aHyderabad
_bB S P BS Publications
_c2005
090 _c35513
_d35513
942 _aNUST-CAE
_c
_c28351
999 _c293071
_d293071